000 01239naa a22003377a 4500
001 BR8004801
003 BR-BrBNA
005 20240918174641.0
007 ta
008 230509b bl.||||| |||| 00| 0 por d
040 _aBR-BrBNA
_bpor
_cBiblioteca Nacional de Agricultura
041 _a(Pt)
072 _aP12; H60
_b/G514
090 _aP12 BR8004801
100 1 _aHerrlein, E.J.
111 1 _a5. Congresso Nacional de Irrigacao e Drenagem
_cSao Paulo, SP (Brazil)
_d29 Sep 1980
245 1 _aPlantas invasoras: a implantacao do controle integral em canais do perimetro de irrigacao e drenagem do Arroio Duro [Rio Grande do Sul, Brasil]
260 3 _aSao Paulo, SP (Brasil):
_c1980.
500 _aAnais do 5. Congresso Nacional de Irrigacao e Drenagem Sao Paulo, SP (Brasil): 1980. p. 151-173 (BR8004801-AM)P12
650 _aERVA DANINHA
650 _aCANAL
650 _aIRRIGACAO
650 _aDRENAGEM
650 _aCAPINA
650 _aCONTROLE MECANICO
650 _aCONTROLE QUIMICO
650 _aRIO GRANDE DO SUL
773 0 _tAnais do 5. Congresso Nacional de Irrigacao e Drenagem
_b
_wP12 BR8004801
_gSao Paulo, SP (Brasil), 1980. p. 151-173
909 _a202404
_bLucia
_c55
_dLucia Elande
942 _cAM
_2AGRIS
999 _c312603
_d312603